000 00753nam a2200241 a 4500
005 20191224041534.0
008 140221b1991 ck ||||| |||| 00| 0 spa d
040 _aCO-BoIAVH
_cCO-BoIAVH
041 _aspa
044 _ack
090 _aLB
_b00543
100 _aBeltrán, José William
_98229
245 _aHistoria natural de Andigena laminirostris (Aves
_bRamphastidae)
260 _aCali
_bFundación para la Promoción de la Investigación y la Tecnología
_c1991
300 _a85 p.
650 _aHistoria natural
_942992
650 _aAves
_942993
650 _aHábitos alimentarios
_93824
650 _aVocalización
_94495
650 _aComportamiento
_93627
662 _aColombia
_cReserva Natural La Planada
_bNariño
942 _cINFORME
_2z
999 _c562
_d562